Householders (Record no. 1113196)

MARC details
000 -LEADER
fixed length control field 00953nam a2200301Ia 4500
003 - CONTROL NUMBER IDENTIFIER
control field OSt
005 - DATE AND TIME OF LATEST TRANSACTION
control field 20221006160402.0
008 - FIXED-LENGTH DATA ELEMENTS--GENERAL INFORMATION
fixed length control field 221006b |||||||| |||| 00| 0 eng d
020 ## - INTERNATIONAL STANDARD BOOK NUMBER
International Standard Book Number 9780674024533
-- 5.00
037 ## - SOURCE OF ACQUISITION
Terms of availability Textual
040 ## - CATALOGING SOURCE
Original cataloging agency EASL
Transcribing agency EASL
Language of cataloging eng
041 ## - LANGUAGE CODE
Source of code eng
Language code of text/sound track or separate title eng
100 ## - MAIN ENTRY--PERSONAL NAME
Personal name CARTER Steven D.
9 (RLIN) 647648
245 #0 - TITLE STATEMENT
Title Householders
Remainder of title The Reizei family in Japanese history
260 ## - PUBLICATION, DISTRIBUTION, ETC.
Place of publication, distribution, etc. Cambridge
Name of publisher, distributor, etc. Harvard University Press (Asia Center)
Date of publication, distribution, etc. 2007
300 ## - PHYSICAL DESCRIPTION
Extent 515p.
Dimensions cm.
490 ## - SERIES STATEMENT
Volume/sequential designation JEL
650 ## - SUBJECT ADDED ENTRY--TOPICAL TERM
Topical term or geographic name entry element Authors and patrons - Japan - History
9 (RLIN) 673163
650 ## - SUBJECT ADDED ENTRY--TOPICAL TERM
Topical term or geographic name entry element Japanese poetry - History and criticism
9 (RLIN) 670927
650 ## - SUBJECT ADDED ENTRY--TOPICAL TERM
Topical term or geographic name entry element JEL
650 ## - SUBJECT ADDED ENTRY--TOPICAL TERM
Topical term or geographic name entry element Reizei family
9 (RLIN) 673164
942 ## - ADDED ENTRY ELEMENTS (KOHA)
Classification part O42,1D949:g, P7
Koha item type Textual
Source of classification or shelving scheme Colon Classification (CC)
Holdings
Withdrawn status Lost status Source of classification or shelving scheme Damaged status Use restrictions Not for loan Home library Current library Date acquired Source of acquisition Serial Enumeration / chronology Total Checkouts Full call number Barcode Date last seen Price effective from Koha item type
    Colon Classification (CC)       Department of East Asian Studies Library Department of East Asian Studies Library 2022-10-06 Gift, Japan Foundation JEL   O42,1D949:g P7 EA1397860 2022-10-06 2022-10-06 Textual
Copyright @ Delhi University Library System